| 000 | 00429nam a2200145Ia 4500 | ||
|---|---|---|---|
| 008 | 230312s9999||||xx |||||||||||||| ||und|| | ||
| 020 | _a9781486003952 | ||
| 082 |
_a657.028 _bSUT-C |
||
| 100 | _aKulkarni,Mahesh | ||
| 245 | 4 | _aThe Indo-European Conference on Multilingual Communication Technologies (IEMCT) | |
| 260 |
_bPearson _aChina _c2013 |
||
| 300 | _a655 | ||
| 650 |
_aAccounting _vM.Y.O.B. (Computer program) |
||
| 942 | _cBK | ||
| 999 |
_c18274 _d18274 |
||